Statistics for Europe : Currency by Country (Yellow Box)

Click here to take the quiz!

General Stats

  • This quiz has been taken 295 times
    (116 since last reset)
  • The average score is 37 of 45

Answer Stats

CountryCurrency% Correct
AndorraAndorra / European euro
99%
AustriaEuropean euro
97%
BelgiumEuropean euro
97%
FranceEuropean euro
95%
LuxembourgEuropean euro
95%
MaltaEuropean euro
95%
GreeceEuropean euro
95%
ItalyEuropean euro
94%
IrelandEuropean euro
94%
GermanyEuropean euro
94%
NetherlandsEuropean euro
92%
LatviaEuropean euro
92%
PortugalEuropean euro
92%
CroatiaEuropean euro
92%
SpainEuropean euro
92%
MonacoNone (European euro)
92%
San MarinoSammarinese/European euro
92%
SlovakiaEuropean euro
91%
LithuaniaEuropean euro
91%
United KingdomPound sterling
91%
Vatican CityVatican/European euro
91%
FinlandEuropean euro
90%
EstoniaEuropean euro
90%
SloveniaEuropean euro
89%
KosovoNone (European euro)
87%
RussiaRussian ruble
87%
MontenegroNone (European euro)
85%
BelarusBelarusian ruble
81%
SwitzerlandSwiss franc
81%
DenmarkDanish krone
80%
SwedenSwedish krona
77%
IcelandIcelandic krona
76%
LiechtensteinNone (Swiss franc)
76%
NorwayNorwegian krone
75%
PolandPolish zloty
73%
BulgariaBulgarian lev
66%
HungaryHungarian forint
65%
AlbaniaAlbanian lek
62%
Bosnia and HerzegovinaBosnia and Herzegovina convertible mark
61%
Czech RepublicCzech koruna
61%
SerbiaSerbian dinar
59%
RomaniaRomanian leu
58%
MoldovaMoldovan leu
57%
UkraineUkrainian hryvnia
53%
North MacedoniaMacedonian denar
49%

Score Distribution

Percentile by Number Answered

Percent of People with Each Score

Your Score History

You have not taken this quiz since the last reset